[Event "69th RUS-ch Women Higher League 2019"]
[Site "Yaroslavl"]
[Date "2019.07.06"]
[Round "9.6"]
[White "Bykova, Anastasia"]
[Black "Borisova, Ekaterina"]
[Result "1-0"]
[WhiteElo "2229"]
[BlackElo "2267"]
[Annotator "NA"]
[PlyCount "115"]
[EventDate "2019.06.27"]
[EventType "swiss"]
[EventCountry "RUS"]
[SourceTitle "playchess.com"]
[Source "ChessBase"]
[SourceQuality "1"]
[TimeControl "40/5400+30:1800+30"]

1. d4 {[%emt 0:00:00]} d5 {[%emt 0:00:00]} 2. c4 {[%emt 0:00:00]} e6 {[%emt 0:00:00]} 3. g3 {[%emt 0:00:00]} Nf6 {[%emt 0:00:00]} 4. Nf3 {[%emt 0:00:00]} dxc4 {[%emt 0:00:00]} 5. Bg2 {[%emt 0:00:00]} Bd7 {[%emt 0:00:00]} 6. Ne5 {[%emt 0:01:37]} Bc6 {[%emt 0:00:00]} 7. Nxc6 {[%emt 0:01:59]} Nxc6 {[%emt 0:00:00]} 8. Bxc6+ {[%emt 0:00:41]} bxc6 {[%emt 0:00:02]} 9. Qa4 {[%emt 0:05:48]} Qd5 {[%emt 0:00:05]} 10. O-O {[%emt 0:00:06]} Qb5 {[%emt 0:02:12]} 11. Qc2 {[%emt 0:02:27]} Bb4 {[%emt 0:09:45]} 12. a3 {[%emt 0:18:37]} Ba5 {[%emt 0:06:08]} 13. Bd2 {[%emt 0:00:24]} Bxd2 {[%emt 0:06:06]} 14. Nxd2 {[%emt 0:00:13]} c5 {[%emt 0:07:58]} 15. dxc5 {[%emt 0:00:48]} c3 {[%emt 0:00:59]} 16. Qxc3 {[%emt 0:01:57]} Qxe2 {[%emt 0:00:30]} 17. Qf3 {[%emt 0:09:09]} Qxf3 {[%emt 0:00:35]} 18. Nxf3 {[%emt 0:00:04]} Ne4 {[%emt 0:12:15]} 19. b4 {[%emt 0:01:40]} Ke7 {[%emt 0:00:49]} 20. Rfe1 {[%emt 0:03:14]} Nc3 {[%emt 0:00:55]} 21. Rac1 {[%emt 0:01:28]} Nd5 {[%emt 0:00:39]} 22. Rcd1 {[%emt 0:00:09]} Rhd8 {[%emt 0:09:09]} 23. Ne5 {[%emt 0:00:46]} Ke8 {[%emt 0:00:06]} 24. Nc6 {[%emt 0:01:53]} Rd7 {[%emt 0:00:05]} 25. f4 {[%emt 0:22:59]} Ne7 {[%emt 0:05:15]} 26. Rxd7 {[%emt 0:01:01]} Kxd7 {[%emt 0:00:04]} 27. Ne5+ {[%emt 0:01:10]} Ke8 {[%emt 0:00:05]} 28. Rd1 {[%emt 0:00:55]} f6 {[%emt 0:04:25]} 29. Nc4 {[%emt 0:01:02]} Rd8 {[%emt 0:00:12]} 30. Rxd8+ {[%emt 0:01:45]} Kxd8 {[%emt 0:00:06]} 31. Kf2 {[%emt 0:05:50]} Kd7 {[%emt 0:03:34]} 32. b5 {[%emt 0:04:59]} Nd5 {[%emt 0:02:38]} 33. Ke2 {[%emt 0:03:46]} h6 {[%emt 0:07:54]} 34. Kd3 {[%emt 0:00:30]} g5 {[%emt 0:03:10]} 35. fxg5 {[%emt 0:01:03]} hxg5 {[%emt 0:00:04]} 36. h4 {[%emt 0:00:24]} gxh4 {[%emt 0:00:31]} 37. gxh4 {[%emt 0:00:03]} e5 {[%emt 0:00:33]} 38. Ne3 {[%emt 0:06:03]} Ne7 {[%emt 0:04:44]} 39. a4 {[%emt 0:01:52]} f5 {[%emt 0:00:55]} 40. a5 {[%emt 0:00:00]} e4+ {[%emt 0:00:00]} 41. Kd4 {[%emt 0:07:30]} f4 {[%emt 0:04:53]} 42. Nc2 {[%emt 0:01:06]} Nf5+ {[%emt 0:07:51]} 43. Kxe4 {[%emt 0:00:11]} Nxh4 {[%emt 0:00:05]} 44. a6 {[%emt 0:07:06]} Kc8 {[%emt 0:01:08]} 45. Kxf4 {[%emt 0:00:17]} c6 {[%emt 0:05:19]} 46. Nd4 {[%emt 0:07:33]} cxb5 {[%emt 0:00:53]} 47. Nxb5 {[%emt 0:00:03]} Kb8 {[%emt 0:06:12]} 48. Ke5 {[%emt 0:00:04]} Nf3+ {[%emt 0:00:39]} 49. Kd6 {[%emt 0:02:30]} Nd2 {[%emt 0:00:16]} 50. Kd5 {[%emt 0:07:23]} Nb3 {[%emt 0:00:23]} 51. c6 {[%emt 0:00:37]} Na5 {[%emt 0:00:03]} 52. Nxa7 {[%emt 0:00:59]} Nxc6 {[%emt 0:05:36]} 53. Nxc6+ {[%emt 0:00:10]} Ka8 {[%emt 0:00:02]} 54. Nb4 {[%emt 0:00:19]} Kb8 {[%emt 0:00:10]} 55. Kc6 {[%emt 0:00:16]} Ka7 {[%emt 0:00:05]} 56. Kb5 {[%emt 0:00:06]} Ka8 {[%emt 0:00:06]} 57. Kb6 {[%emt 0:00:10]} Kb8 {[%emt 0:00:05]} 58. Nd5 {[%emt 0:00:08]} 1-0

[Event "69th RUS-ch Women Higher League 2019"]
[Site "Yaroslavl"]
[Date "2019.07.06"]
[Round "9.7"]
[White "Voit, Daria"]
[Black "Bulatova, Kamaliya"]
[Result "1-0"]
[WhiteElo "2339"]
[BlackElo "2102"]
[Annotator "NA"]
[PlyCount "87"]
[EventDate "2019.06.27"]
[EventType "swiss"]
[EventCountry "RUS"]
[SourceTitle "playchess.com"]
[Source "ChessBase"]
[SourceQuality "1"]
[TimeControl "40/5400+30:1800+30"]

1. c4 {[%emt 0:00:00]} e5 {[%emt 0:00:00]} 2. g3 {[%emt 0:00:03]} Nf6 {[%emt 0:00:00]} 3. Bg2 {[%emt 0:00:07]} Bc5 {[%emt 0:00:17]} 4. Nc3 {[%emt 0:01:29]} c6 {[%emt 0:00:05]} 5. e3 {[%emt 0:06:25]} d5 {[%emt 0:11:49]} 6. cxd5 {[%emt 0:05:36]} Nxd5 {[%emt 0:01:44]} 7. d4 {[%emt 0:01:33]} exd4 {[%emt 0:00:37]} 8. exd4 {[%emt 0:00:04]} Bb4 {[%emt 0:00:44]} 9. Nge2 {[%emt 0:00:06]} Be6 {[%emt 0:10:49]} 10. O-O {[%emt 0:02:40]} O-O {[%emt 0:00:30]} 11. Qd3 {[%emt 0:17:27]} Na6 {[%emt 0:08:05]} 12. a3 {[%emt 0:01:19]} Be7 {[%emt 0:01:02]} 13. Re1 {[%emt 0:01:04]} Nb6 {[%emt 0:07:18]} 14. Nf4 {[%emt 0:07:55]} Bf6 {[%emt 0:08:03]} 15. Nxe6 {[%emt 0:04:43]} fxe6 {[%emt 0:00:05]} 16. Be3 {[%emt 0:00:51]} Nd5 {[%emt 0:02:57]} 17. Rad1 {[%emt 0:05:39]} Qb6 {[%emt 0:05:42]} 18. Ne4 {[%emt 0:09:44]} Nxe3 {[%emt 0:03:18]} 19. fxe3 {[%emt 0:06:49]} Be7 {[%emt 0:03:17]} 20. b4 {[%emt 0:00:24]} Qd8 {[%emt 0:01:55]} 21. b5 {[%emt 0:01:58]} cxb5 {[%emt 0:01:30]} 22. Qxb5 {[%emt 0:00:12]} Rb8 {[%emt 0:02:27]} 23. Qe5 {[%emt 0:13:40]} Bxa3 {[%emt 0:04:18]} 24. Qxe6+ {[%emt 0:02:00]} Kh8 {[%emt 0:00:04]} 25. Rf1 {[%emt 0:00:22]} Nc7 {[%emt 0:02:39]} 26. Qb3 {[%emt 0:01:02]} Be7 {[%emt 0:01:58]} 27. Rxf8+ {[%emt 0:04:29]} Bxf8 {[%emt 0:00:34]} 28. d5 {[%emt 0:00:09]} Bd6 {[%emt 0:01:12]} 29. Nxd6 {[%emt 0:00:04]} Qxd6 {[%emt 0:00:03]} 30. e4 {[%emt 0:00:20]} b5 {[%emt 0:01:33]} 31. Qe3 {[%emt 0:00:39]} Re8 {[%emt 0:00:58]} 32. Qxa7 {[%emt 0:00:03]} b4 {[%emt 0:00:16]} 33. Rc1 {[%emt 0:01:21]} Nb5 {[%emt 0:01:21]} 34. Qa4 {[%emt 0:00:59]} Rb8 {[%emt 0:01:07]} 35. Qxb5 {[%emt 0:00:47]} h6 {[%emt 0:00:57]} 36. Qc5 {[%emt 0:00:33]} Qf6 {[%emt 0:01:05]} 37. Qf2 {[%emt 0:00:53]} Qd6 {[%emt 0:00:14]} 38. Qb2 {[%emt 0:00:23]} b3 {[%emt 0:00:24]} 39. e5 {[%emt 0:00:05]} Qb6+ {[%emt 0:00:06]} 40. Kh1 {[%emt 0:00:00]} Ra8 {[%emt 0:00:00]} 41. e6 {[%emt 0:04:47]} Qe3 {[%emt 0:02:54]} 42. e7 {[%emt 0:02:24]} Kh7 {[%emt 0:01:12]} 43. Qb1+ {[%emt 0:00:34]} g6 {[%emt 0:00:29]} 44. Re1 {[%emt 0:00:07]} 1-0

[Event "69th RUS-ch Women Higher League 2019"]
[Site "Yaroslavl"]
[Date "2019.07.06"]
[Round "9.8"]
[White "Goltseva, Ekaterina"]
[Black "Bivol, Alina"]
[Result "1/2-1/2"]
[WhiteElo "2304"]
[BlackElo "2391"]
[Annotator "NA"]
[PlyCount "181"]
[EventDate "2019.06.27"]
[EventType "swiss"]
[EventCountry "RUS"]
[SourceTitle "playchess.com"]
[Source "ChessBase"]
[SourceQuality "1"]
[TimeControl "40/5400+30:1800+30"]

1. d4 {[%emt 0:00:00]} Nf6 {[%emt 0:00:09]} 2. c4 {[%emt 0:00:00]} b6 {[%emt 0:00:18]} 3. Nc3 {[%emt 0:02:35]} Bb7 {[%emt 0:00:09]} 4. d5 {[%emt 0:00:18]} e6 {[%emt 0:00:07]} 5. a3 {[%emt 0:00:11]} Bd6 {[%emt 0:02:05]} 6. Nf3 {[%emt 0:03:06]} O-O {[%emt 0:00:21]} 7. Bg5 {[%emt 0:01:01]} h6 {[%emt 0:09:25]} 8. Bh4 {[%emt 0:03:34]} Re8 {[%emt 0:00:28]} 9. e3 {[%emt 0:01:53]} a5 {[%emt 0:12:02]} 10. Bd3 {[%emt 0:21:09]} Be7 {[%emt 0:08:44]} 11. Bg3 {[%emt 0:05:05]} Na6 {[%emt 0:00:47]} 12. Bc2 {[%emt 0:02:37]} Nc5 {[%emt 0:04:20]} 13. O-O {[%emt 0:03:23]} Nh5 {[%emt 0:06:54]} 14. Be5 {[%emt 0:19:50]} exd5 {[%emt 0:05:53]} 15. Nxd5 {[%emt 0:05:25]} Bxd5 {[%emt 0:04:18]} 16. Qxd5 {[%emt 0:00:53]} c6 {[%emt 0:02:50]} 17. Qd1 {[%emt 0:02:00]} Bf6 {[%emt 0:04:35]} 18. Bd4 {[%emt 0:01:02]} Bxd4 {[%emt 0:03:51]} 19. Nxd4 {[%emt 0:02:55]} Nf6 {[%emt 0:00:57]} 20. Qf3 {[%emt 0:01:47]} Qc7 {[%emt 0:03:10]} 21. Rfd1 {[%emt 0:02:19]} Qe5 {[%emt 0:01:10]} 22. Rab1 {[%emt 0:02:48]} g6 {[%emt 0:02:48]} 23. Qh3 {[%emt 0:02:33]} h5 {[%emt 0:01:54]} 24. Nf3 {[%emt 0:00:35]} Qe7 {[%emt 0:00:28]} 25. Qh4 {[%emt 0:01:14]} Rad8 {[%emt 0:01:12]} 26. Qg5 {[%emt 0:06:00]} Nce4 {[%emt 0:03:59]} 27. Bxe4 {[%emt 0:01:01]} Nxe4 {[%emt 0:00:01]} 28. Qxe7 {[%emt 0:01:59]} Rxe7 {[%emt 0:00:02]} 29. Rd4 {[%emt 0:00:50]} a4 {[%emt 0:02:03]} 30. Rbd1 {[%emt 0:01:15]} Nc5 {[%emt 0:00:22]} 31. Ne1 {[%emt 0:01:39]} Kf8 {[%emt 0:02:19]} 32. Nd3 {[%emt 0:02:31]} Nb3 {[%emt 0:00:40]} 33. Rf4 {[%emt 0:01:47]} Ra8 {[%emt 0:00:35]} 34. h4 {[%emt 0:00:35]} Ra5 {[%emt 0:01:40]} 35. g3 {[%emt 0:00:43]} Kg7 {[%emt 0:00:37]} 36. Nc1 {[%emt 0:00:39]} Nc5 {[%emt 0:01:32]} 37. Rfd4 {[%emt 0:00:29]} Ra7 {[%emt 0:00:30]} 38. Kg2 {[%emt 0:00:29]} Kf8 {[%emt 0:01:27]} 39. Ne2 {[%emt 0:00:32]} Ke8 {[%emt 0:01:20]} 40. Nc3 {[%emt 0:00:00]} Kd8 {[%emt 0:00:00]} 41. e4 {[%emt 0:04:08]} Kc7 {[%emt 0:01:33]} 42. f4 {[%emt 0:01:15]} Ra8 {[%emt 0:07:04]} 43. Kf3 {[%emt 0:00:43]} Rae8 {[%emt 0:05:59]} 44. e5 {[%emt 0:05:11]} Rf8 {[%emt 0:06:01]} 45. Rd6 {[%emt 0:02:22]} Kc8 {[%emt 0:04:14]} 46. R1d2 {[%emt 0:05:39]} Re6 {[%emt 0:01:36]} 47. Ne4 {[%emt 0:05:05]} Rxd6 {[%emt 0:05:42]} 48. Rxd6 {[%emt 0:01:45]} Ne6 {[%emt 0:01:00]} 49. Nf6 {[%emt 0:01:18]} Rd8 {[%emt 0:00:11]} 50. f5 {[%emt 0:02:15]} Ng7 {[%emt 0:01:09]} 51. fxg6 {[%emt 0:00:07]} fxg6 {[%emt 0:00:01]} 52. g4 {[%emt 0:00:20]} hxg4+ {[%emt 0:00:36]} 53. Kxg4 {[%emt 0:00:20]} Nf5 {[%emt 0:00:10]} 54. Rd3 {[%emt 0:00:45]} Ng7 {[%emt 0:03:34]} 55. Rd2 {[%emt 0:02:03]} Ne6 {[%emt 0:02:12]} 56. Rd6 {[%emt 0:00:33]} Nc5 {[%emt 0:00:31]} 57. Kg5 {[%emt 0:00:25]} Rh8 {[%emt 0:00:05]} 58. Rd1 {[%emt 0:00:29]} Ne6+ {[%emt 0:02:30]} 59. Kxg6 {[%emt 0:01:12]} Rxh4 {[%emt 0:00:55]} 60. Nxd7 {[%emt 0:00:13]} Kc7 {[%emt 0:00:09]} 61. Nf6 {[%emt 0:02:01]} Nc5 {[%emt 0:03:19]} 62. Kf7 {[%emt 0:01:28]} Rf4 {[%emt 0:00:50]} 63. Ke7 {[%emt 0:01:26]} Rxc4 {[%emt 0:02:26]} 64. Nd7 {[%emt 0:01:23]} Ne4 {[%emt 0:01:22]} 65. e6 {[%emt 0:00:29]} Rc2 {[%emt 0:00:31]} 66. Rd4 {[%emt 0:00:31]} Ng5 {[%emt 0:01:28]} 67. Rxa4 {[%emt 0:00:23]} Re2 {[%emt 0:00:55]} 68. Ra7+ {[%emt 0:00:33]} Kc8 {[%emt 0:00:01]} 69. Nf8 {[%emt 0:00:11]} Rxb2 {[%emt 0:00:45]} 70. Kd6 {[%emt 0:00:30]} Nxe6 {[%emt 0:01:25]} 71. Nxe6 {[%emt 0:00:24]} Kb8 {[%emt 0:00:05]} 72. Rg7 {[%emt 0:01:14]} Rb3 {[%emt 0:00:17]} 73. a4 {[%emt 0:00:30]} Rb4 {[%emt 0:00:21]} 74. Kxc6 {[%emt 0:00:25]} Rxa4 {[%emt 0:00:38]} 75. Nc7 {[%emt 0:00:36]} Rc4+ {[%emt 0:00:45]} 76. Kxb6 {[%emt 0:00:04]} Kc8 {[%emt 0:00:44]} 77. Ne6 {[%emt 0:00:24]} Rc1 {[%emt 0:00:45]} 78. Nc5 {[%emt 0:00:33]} Kd8 {[%emt 0:00:14]} 79. Kc6 {[%emt 0:00:22]} Ke8 {[%emt 0:00:23]} 80. Kd6 {[%emt 0:00:25]} Rd1+ {[%emt 0:00:06]} 81. Ke5 {[%emt 0:00:12]} Re1+ {[%emt 0:00:08]} 82. Ne4 {[%emt 0:00:04]} Kf8 {[%emt 0:00:20]} 83. Rb7 {[%emt 0:00:52]} Ke8 {[%emt 0:00:08]} 84. Kd5 {[%emt 0:00:12]} Rd1+ {[%emt 0:00:58]} 85. Ke6 {[%emt 0:00:14]} Kd8 {[%emt 0:00:20]} 86. Rh7 {[%emt 0:00:38]} Re1 {[%emt 0:00:13]} 87. Ke5 {[%emt 0:01:40]} Ke8 {[%emt 0:00:15]} 88. Kf5 {[%emt 0:00:41]} Kd8 {[%emt 0:00:18]} 89. Nf6 {[%emt 0:00:31]} Kc8 {[%emt 0:00:34]} 90. Nd5 {[%emt 0:00:26]} Kd8 {[%emt 0:00:55]} 91. Rh6 1/2-1/2

[Event "69th RUS-ch Women Higher League 2019"]
[Site "Yaroslavl"]
[Date "2019.07.06"]
[Round "9.9"]
[White "Dimitrova, Aleksandra"]
[Black "Ambartsumova, Karina"]
[Result "1/2-1/2"]
[WhiteElo "2273"]
[BlackElo "2359"]
[Annotator "NA"]
[PlyCount "80"]
[EventDate "2019.06.27"]
[EventType "swiss"]
[EventCountry "RUS"]
[SourceTitle "playchess.com"]
[Source "ChessBase"]
[SourceQuality "1"]
[TimeControl "40/5400+30:1800+30"]

1. e4 {[%emt 0:00:00]} c5 {[%emt 0:00:00]} 2. Nf3 {[%emt 0:00:00]} Nc6 {[%emt 0:00:21]} 3. d4 {[%emt 0:00:00]} cxd4 {[%emt 0:00:08]} 4. Nxd4 {[%emt 0:00:00]} Qb6 {[%emt 0:00:09]} 5. Nb3 {[%emt 0:00:34]} Nf6 {[%emt 0:00:25]} 6. Nc3 {[%emt 0:00:28]} e6 {[%emt 0:00:13]} 7. Qe2 {[%emt 0:03:57]} Qc7 {[%emt 0:11:42]} 8. g4 {[%emt 0:06:50]} d6 {[%emt 0:04:54]} 9. g5 {[%emt 0:01:53]} Nd7 {[%emt 0:00:05]} 10. Be3 {[%emt 0:04:17]} a6 {[%emt 0:00:44]} 11. a4 {[%emt 0:03:21]} b6 {[%emt 0:05:31]} 12. Bg2 {[%emt 0:01:47]} Be7 {[%emt 0:06:59]} 13. f4 {[%emt 0:01:37]} h6 {[%emt 0:15:55]} 14. h4 {[%emt 0:07:20]} hxg5 {[%emt 0:10:59]} 15. hxg5 {[%emt 0:00:13]} Rxh1+ {[%emt 0:00:11]} 16. Bxh1 {[%emt 0:00:04]} g6 {[%emt 0:01:25]} 17. Qh2 {[%emt 0:05:14]} Bb7 {[%emt 0:03:38]} 18. Qh7 {[%emt 0:02:20]} Nb4 {[%emt 0:02:25]} 19. O-O-O {[%emt 0:02:56]} Rc8 {[%emt 0:01:14]} 20. Kb1 {[%emt 0:02:16]} b5 {[%emt 0:07:26]} 21. axb5 {[%emt 0:04:19]} axb5 {[%emt 0:00:04]} 22. Qh8+ {[%emt 0:05:09]} Nf8 {[%emt 0:09:17]} 23. Qd4 {[%emt 0:02:19]} d5 {[%emt 0:00:29]} 24. exd5 {[%emt 0:07:20]} Nxd5 {[%emt 0:01:52]} 25. Bxd5 {[%emt 0:13:19]} Bxd5 {[%emt 0:00:05]} 26. Qb6 {[%emt 0:01:31]} Qxb6 {[%emt 0:04:12]} 27. Bxb6 {[%emt 0:00:05]} Bxb3 {[%emt 0:02:34]} 28. cxb3 {[%emt 0:00:04]} Nd7 {[%emt 0:01:23]} 29. Ba7 {[%emt 0:03:25]} b4 {[%emt 0:04:17]} 30. Ne4 {[%emt 0:00:14]} Rc6 {[%emt 0:00:59]} 31. Rc1 {[%emt 0:08:46]} Rxc1+ {[%emt 0:00:30]} 32. Kxc1 {[%emt 0:00:03]} Kd8 {[%emt 0:02:29]} 33. Kc2 {[%emt 0:00:52]} Kc7 {[%emt 0:00:38]} 34. Kd3 {[%emt 0:01:04]} Kc6 {[%emt 0:00:09]} 35. Kc4 {[%emt 0:01:27]} e5 {[%emt 0:00:55]} 36. Be3 {[%emt 0:00:55]} f5 {[%emt 0:02:18]} 37. gxf6 {[%emt 0:00:30]} Nxf6 {[%emt 0:00:05]} 38. Nxf6 {[%emt 0:00:34]} Bxf6 {[%emt 0:00:16]} 39. fxe5 {[%emt 0:00:04]} Bxe5 {[%emt 0:00:13]} 40. Kxb4 {[%emt 0:00:00]} Kd5 1/2-1/2

[Event "69th RUS-ch Women Higher League 2019"]
[Site "Yaroslavl"]
[Date "2019.07.06"]
[Round "9.10"]
[White "Solozhenkina, Elizaveta"]
[Black "Lysenko, Margarita"]
[Result "0-1"]
[WhiteElo "2324"]
[BlackElo "2224"]
[Annotator "NA"]
[PlyCount "152"]
[EventDate "2019.06.27"]
[EventType "swiss"]
[EventCountry "RUS"]
[SourceTitle "playchess.com"]
[Source "ChessBase"]
[SourceQuality "1"]
[TimeControl "40/5400+30:1800+30"]

1. e4 {[%emt 0:00:00]} c5 {[%emt 0:00:00]} 2. Nf3 {[%emt 0:00:00]} d6 {[%emt 0:00:02]} 3. d4 {[%emt 0:00:00]} cxd4 {[%emt 0:00:07]} 4. Nxd4 {[%emt 0:00:00]} Nf6 {[%emt 0:00:08]} 5. f3 {[%emt 0:00:00]} e5 {[%emt 0:00:44]} 6. Nb3 {[%emt 0:00:04]} Be7 {[%emt 0:06:17]} 7. c4 {[%emt 0:00:36]} O-O {[%emt 0:00:13]} 8. Nc3 {[%emt 0:09:14]} Be6 {[%emt 0:03:02]} 9. Be3 {[%emt 0:00:17]} Nc6 {[%emt 0:00:38]} 10. Be2 {[%emt 0:00:36]} Nh5 {[%emt 0:01:42]} 11. g3 {[%emt 0:02:50]} Nf6 {[%emt 0:06:54]} 12. O-O {[%emt 0:03:30]} Nd7 {[%emt 0:04:58]} 13. Qd2 {[%emt 0:05:25]} Nc5 {[%emt 0:10:44]} 14. Nd5 {[%emt 0:13:05]} Bxd5 {[%emt 0:22:32]} 15. Nxc5 {[%emt 0:15:01]} dxc5 {[%emt 0:02:05]} 16. exd5 {[%emt 0:02:09]} Nd4 {[%emt 0:00:29]} 17. f4 {[%emt 0:01:01]} exf4 {[%emt 0:09:58]} 18. Bxf4 {[%emt 0:01:33]} Nxe2+ {[%emt 0:07:53]} 19. Qxe2 {[%emt 0:00:05]} Bf6 {[%emt 0:00:11]} 20. Rae1 {[%emt 0:08:51]} Qd7 {[%emt 0:03:29]} 21. Qf2 {[%emt 0:05:56]} b6 {[%emt 0:06:51]} 22. Be5 {[%emt 0:02:03]} Bxe5 {[%emt 0:00:19]} 23. Rxe5 {[%emt 0:00:05]} Rae8 {[%emt 0:00:13]} 24. Rfe1 {[%emt 0:00:51]} g6 {[%emt 0:06:37]} 25. Qe3 {[%emt 0:11:30]} Rxe5 {[%emt 0:00:58]} 26. Qxe5 {[%emt 0:00:02]} Qa4 {[%emt 0:00:26]} 27. Qc3 {[%emt 0:03:57]} Qxa2 {[%emt 0:00:34]} 28. b3 {[%emt 0:06:11]} Qa6 {[%emt 0:01:45]} 29. Qf6 {[%emt 0:01:40]} Qa2 {[%emt 0:02:24]} 30. Qc3 {[%emt 0:04:23]} Qa6 {[%emt 0:00:43]} 31. h4 {[%emt 0:01:11]} b5 {[%emt 0:00:56]} 32. h5 {[%emt 0:01:14]} gxh5 {[%emt 0:00:50]} 33. Re5 {[%emt 0:00:08]} Qg6 {[%emt 0:01:03]} 34. d6 {[%emt 0:00:29]} f6 {[%emt 0:00:39]} 35. Re7 {[%emt 0:02:06]} b4 {[%emt 0:00:29]} 36. Qf3 {[%emt 0:00:53]} Rd8 {[%emt 0:00:35]} 37. Rxa7 {[%emt 0:00:54]} h4 {[%emt 0:00:19]} 38. g4 {[%emt 0:00:36]} h5 {[%emt 0:00:27]} 39. Qd5+ {[%emt 0:00:30]} Kh8 {[%emt 0:00:44]} 40. Qxh5+ {[%emt 0:00:00]} Qxh5 {[%emt 0:00:00]} 41. gxh5 {[%emt 0:00:33]} Rxd6 {[%emt 0:00:21]} 42. Rc7 {[%emt 0:03:15]} Rd3 {[%emt 0:00:35]} 43. Rxc5 {[%emt 0:00:36]} Rxb3 {[%emt 0:00:15]} 44. Rb5 {[%emt 0:04:42]} Kg7 {[%emt 0:03:56]} 45. c5 {[%emt 0:01:33]} Kh6 {[%emt 0:01:43]} 46. c6 {[%emt 0:00:08]} Rc3 {[%emt 0:00:30]} 47. Rxb4 {[%emt 0:05:39]} Kxh5 {[%emt 0:00:18]} 48. Kg2 {[%emt 0:01:50]} Rxc6 {[%emt 0:05:10]} 49. Rb5+ {[%emt 0:02:19]} Kg4 {[%emt 0:00:18]} 50. Rb4+ {[%emt 0:00:14]} Kg5 {[%emt 0:00:15]} 51. Kh3 {[%emt 0:01:46]} Rc3+ {[%emt 0:00:36]} 52. Kg2 {[%emt 0:00:06]} f5 {[%emt 0:00:26]} 53. Ra4 {[%emt 0:06:11]} Re3 {[%emt 0:02:37]} 54. Ra8 {[%emt 0:03:07]} Rc3 {[%emt 0:04:08]} 55. Ra4 {[%emt 0:01:38]} Rg3+ {[%emt 0:00:34]} 56. Kh2 {[%emt 0:02:00]} f4 {[%emt 0:02:52]} 57. Ra5+ {[%emt 0:02:26]} Kg4 {[%emt 0:00:09]} 58. Ra8 {[%emt 0:00:05]} Rd3 {[%emt 0:01:37]} 59. Rh8 {[%emt 0:01:41]} Rd2+ {[%emt 0:00:59]} 60. Kg1 {[%emt 0:00:21]} Kg3 {[%emt 0:03:27]} 61. Rg8+ {[%emt 0:00:08]} Kf3 {[%emt 0:00:22]} 62. Rf8 {[%emt 0:00:58]} Rg2+ {[%emt 0:03:46]} 63. Kh1 {[%emt 0:00:44]} Rd2 {[%emt 0:01:22]} 64. Kg1 {[%emt 0:00:05]} Rd1+ {[%emt 0:02:49]} 65. Kh2 {[%emt 0:00:01]} Rd4 {[%emt 0:01:49]} 66. Kg1 {[%emt 0:00:09]} h3 {[%emt 0:00:42]} 67. Rf7 {[%emt 0:01:07]} Rd2 {[%emt 0:01:54]} 68. Rf8 {[%emt 0:00:15]} Rd1+ {[%emt 0:00:42]} 69. Kh2 {[%emt 0:00:01]} Ke3 {[%emt 0:00:17]} 70. Re8+ {[%emt 0:01:28]} Kf2 {[%emt 0:00:11]} 71. Kxh3 {[%emt 0:00:04]} f3 {[%emt 0:00:36]} 72. Rf8 {[%emt 0:00:59]} Rd7 {[%emt 0:00:53]} 73. Kg4 {[%emt 0:00:33]} Kg2 {[%emt 0:00:17]} 74. Rg8 {[%emt 0:00:40]} f2 {[%emt 0:00:27]} 75. Kf4+ {[%emt 0:00:24]} Kf1 {[%emt 0:00:16]} 76. Kf3 {[%emt 0:00:44]} Rf7+ {[%emt 0:00:21]} 0-1

[Event "69th RUS-ch Women Higher League 2019"]
[Site "Yaroslavl"]
[Date "2019.07.06"]
[Round "9.11"]
[White "Nosacheva, Mariya"]
[Black "Chernyak, Viktoria"]
[Result "0-1"]
[WhiteElo "2150"]
[BlackElo "2253"]
[Annotator "NA"]
[PlyCount "126"]
[EventDate "2019.06.27"]
[EventType "swiss"]
[EventCountry "RUS"]
[SourceTitle "playchess.com"]
[Source "ChessBase"]
[SourceQuality "1"]
[TimeControl "40/5400+30:1800+30"]

1. e4 {[%emt 0:00:00]} c5 {[%emt 0:00:00]} 2. Nf3 {[%emt 0:00:00]} Nc6 {[%emt 0:00:00]} 3. d4 {[%emt 0:00:00]} cxd4 {[%emt 0:00:00]} 4. Nxd4 {[%emt 0:00:00]} g6 {[%emt 0:00:00]} 5. c4 {[%emt 0:00:14]} Nf6 {[%emt 0:01:34]} 6. Nc3 {[%emt 0:00:12]} Nxd4 {[%emt 0:01:48]} 7. Qxd4 {[%emt 0:00:45]} d6 {[%emt 0:00:16]} 8. Be2 {[%emt 0:02:57]} Bg7 {[%emt 0:00:18]} 9. Be3 {[%emt 0:00:08]} O-O {[%emt 0:00:04]} 10. Qd2 {[%emt 0:00:05]} a5 {[%emt 0:04:21]} 11. Rb1 {[%emt 0:01:10]} a4 {[%emt 0:02:29]} 12. f3 {[%emt 0:03:49]} Be6 {[%emt 0:05:45]} 13. O-O {[%emt 0:05:30]} Nd7 {[%emt 0:03:19]} 14. Rfc1 {[%emt 0:02:37]} Nc5 {[%emt 0:01:04]} 15. b4 {[%emt 0:00:33]} axb3 {[%emt 0:01:36]} 16. axb3 {[%emt 0:01:14]} Ra3 {[%emt 0:07:49]} 17. Bd1 {[%emt 0:04:48]} Bd7 {[%emt 0:08:50]} 18. b4 {[%emt 0:08:51]} Ne6 {[%emt 0:02:58]} 19. Nd5 {[%emt 0:01:42]} Bc6 {[%emt 0:02:41]} 20. Kh1 {[%emt 0:04:59]} Re8 {[%emt 0:03:04]} 21. Bb3 {[%emt 0:03:11]} Qb8 {[%emt 0:04:18]} 22. Nb6 {[%emt 0:02:54]} Rd8 {[%emt 0:16:17]} 23. Rd1 {[%emt 0:00:44]} Kf8 {[%emt 0:05:07]} 24. b5 {[%emt 0:01:33]} Be8 {[%emt 0:00:25]} 25. Na4 {[%emt 0:00:09]} Rc8 {[%emt 0:05:55]} 26. Qb4 {[%emt 0:04:04]} Rxa4 {[%emt 0:00:09]} 27. Bxa4 {[%emt 0:00:43]} b6 {[%emt 0:00:39]} 28. Bc2 {[%emt 0:04:03]} h5 {[%emt 0:01:11]} 29. f4 {[%emt 0:01:24]} Qb7 {[%emt 0:01:41]} 30. Rbc1 {[%emt 0:03:37]} Kg8 {[%emt 0:00:53]} 31. Bb1 {[%emt 0:01:24]} Ra8 {[%emt 0:01:30]} 32. Rd5 {[%emt 0:02:13]} Nc7 {[%emt 0:03:20]} 33. Rdd1 Bd7 {[%emt 0:00:24]} 34. f5 {[%emt 0:08:08]} Kh7 {[%emt 0:02:09]} 35. Qd2 {[%emt 0:00:40]} Ne8 {[%emt 0:01:43]} 36. Qf2 {[%emt 0:03:35]} Nf6 {[%emt 0:00:13]} 37. Bxb6 {[%emt 0:08:09]} Ra3 {[%emt 0:07:22]} 38. Bd4 {[%emt 0:03:14]} Ng4 {[%emt 0:02:14]} 39. fxg6+ {[%emt 0:01:00]} fxg6 {[%emt 0:00:05]} 40. Qb2 {[%emt 0:00:00]} Bxd4 {[%emt 0:00:00]} 41. Rxd4 {[%emt 0:05:28]} Re3 {[%emt 0:02:52]} 42. h3 {[%emt 0:07:17]} Ne5 {[%emt 0:01:08]} 43. Rd5 {[%emt 0:04:39]} Bxh3 {[%emt 0:04:38]} 44. gxh3 {[%emt 0:04:56]} Qc8 {[%emt 0:01:04]} 45. Qg2 {[%emt 0:00:37]} Rxh3+ {[%emt 0:03:57]} 46. Kg1 {[%emt 0:00:07]} h4 {[%emt 0:07:38]} 47. Kf1 {[%emt 0:05:11]} Rg3 {[%emt 0:01:28]} 48. Qh1 {[%emt 0:02:41]} Qg4 {[%emt 0:02:50]} 49. Rc2 {[%emt 0:05:47]} Qf4+ {[%emt 0:02:04]} 50. Ke1 {[%emt 0:00:45]} Qe3+ {[%emt 0:00:43]} 51. Kf1 {[%emt 0:00:43]} Nf3 {[%emt 0:04:33]} 52. Rd1 {[%emt 0:01:22]} Rg1+ {[%emt 0:00:17]} 53. Qxg1 {[%emt 0:00:06]} Qxg1+ {[%emt 0:00:11]} 54. Ke2 {[%emt 0:00:04]} Nd4+ {[%emt 0:00:27]} 55. Kd2 {[%emt 0:00:28]} Qf2+ {[%emt 0:00:22]} 56. Kc3 {[%emt 0:00:07]} Nxc2 {[%emt 0:00:07]} 57. Bxc2 {[%emt 0:00:05]} h3 {[%emt 0:00:27]} 58. e5 {[%emt 0:00:21]} h2 {[%emt 0:00:42]} 59. exd6 {[%emt 0:00:17]} exd6 {[%emt 0:00:42]} 60. Rxd6 {[%emt 0:01:09]} h1=Q {[%emt 0:00:36]} 61. Bxg6+ {[%emt 0:00:08]} Kg7 {[%emt 0:00:15]} 62. Ra6 {[%emt 0:01:18]} Qc1+ {[%emt 0:00:15]} 63. Kb4 {[%emt 0:00:06]} Qf8+ {[%emt 0:01:02]} 0-1